LEADER 00995nam a2200217 i 4500 001 000000011937 003 CaOOAMICUS 005 20210813100411.0 008 180830s1978 it u000 u ita u 040 $aSeMil$bita 100 1 $aSantos Otero, Aurelio : de.$0(OLS)http://semarc/name/5745 245 14$aDie Handschriftliche Überlieferung der Altslavischen Apokryphen /$cvon Aurelio de Santos Otero. 260 $aBerlin ; New York :$bDe Gruyter,$c1978-1981. 300 $a2 v. ;$c24 cm. 490 1 $aPatristische Texte und Studien 774 0 $t1: [Acta Pauli et Theclae].$kPatristische Texte und Studien$w()128441 774 0 $t2: [Protevangelium Jacobi].$kPatristische Texte und Studien$w()128447 830 0$aPatristische Texte und Studien.$0(OLS)http://semarc/title/119 996 $6245$aDie Handschriftliche Überlieferung der Altslavischen Apokryphen$9(OLS)http://semarc/title/15819 996 $6260$aBerlin ; New York :$bDe Gruyter$9(OLS)http://semarc/publisher/29892 LEADER 00952nam a2200217 i 4500 001 000000208188 003 CaOOAMICUS 005 20111115000000.0 008 111115s1821 it u000 u ita u 013 $a186971 026 $anein lea- i,li fist (7) 1821 (R) 040 $aSeMil$bita 100 1 $aSalvini, Antonio Maria,$d<1653-1729>.$0(OLS)http://semarc/name/2855 245 10$aTomo 7. 300 $a202, [2] p. 490 0 $aCollezione di opere classiche sacre e profane 773 0 $aSalvini, Antonio Maria <1653-1729>$tDei discorsi accademici di Anton Maria Salvini. Tomo 1. [-11.].$dBologna : presso Annesio Nobili, 1821-1822.$kCollezione di opere classiche sacre e profane$g7$w()25757 830 0$aCollezione di opere classiche sacre e profane.$0(OLS)http://semarc/title/34698 850 $aSeMil 852 $aSeMil$W1$xVenegono$y1$m1S III 40 FA$j158646$B158646$CSeMilBibl$Z2$F169822 $8I 996 $6245$aTomo 7$9(OLS)http://semarc/title/194411